[Event "zonal 3.3 (w)"]
[Site "Tagaytay City PHI"]
[Date "2011.05.25"]
[Round "3"]
[White "Hoang Thi Bao Tram"]
[Black "Camacho, Chardine Cheradee"]
[Result "1/2-1/2"]
[WhiteElo "2325"]
[BlackElo "2203"]
[EventDate "2011.05.24"]
[PlyCount "106"]

1.d4 Nf6 2.Nf3 g6 3.Nc3 Bg7 4.e4 d6 5.Bg5 h6 6.Be3 c6 7.h3 Qa5 8.Qd2 b5 9.
Bd3 Nfd7 10.O-O Qc7 11.a3 Nb6 12.Rfe1 Nc4 13.Bxc4 bxc4 14.e5 d5 15.Na4 Na6
16.b3 Be6 17.b4 Kf8 18.Nh2 Qd7 19.Nf1 Kg8 20.Ng3 Kh7 21.h4 f6 22.exf6 exf6
23.c3 Rhf8 24.Bf4 Bf7 25.Nc5 Nxc5 26.bxc5 Rfe8 27.Bd6 Bf8 28.Bxf8 Rxf8 29.
Qf4 Kg7 30.Re3 Rae8 31.Rae1 Rxe3 32.Rxe3 Re8 33.Nf1 Rxe3 34.Nxe3 h5 35.Qb8
Qe7 36.a4 Qe4 37.Qxa7 Qb1+ 38.Nf1 Qa1 39.Qa5 g5 40.hxg5 fxg5 41.Qd8 g4 42.
a5 Qxc3 43.Qg5+ Kh7 44.Qe7 Kg6 45.a6 Qa1 46.a7 c3 47.Qb7 c2 48.a8=Q Qxf1+ 
49.Kxf1 c1=Q+ 50.Ke2 Qc2+ 51.Ke3 Qc3+ 52.Ke2 Qc2+ 53.Ke3 Qc3+ 1/2-1/2

[Event "zonal 3.3 (w)"]
[Site "Tagaytay City PHI"]
[Date "2011.05.25"]
[Round "3"]
[White "Hoang Thi Nhu Y"]
[Black "Enkhtuul, Altanulzii"]
[Result "0-1"]
[WhiteElo "2220"]
[BlackElo "2154"]
[EventDate "2011.05.24"]
[PlyCount "62"]

1.d4 Nf6 2.Nf3 b6 3.g3 Bb7 4.Bg2 e6 5.O-O Be7 6.c4 O-O 7.Nc3 d6 8.Qc2 Nbd7
9.Rd1 Qc8 10.e4 e5 11.Bh3 exd4 12.Nxd4 Qd8 13.Nf5 Re8 14.b3 Bf8 15.f3 a6 
16.g4 Ne5 17.Bg2 Nfd7 18.g5 Nc5 19.f4 Ned7 20.Ng3 f6 21.h4 Qe7 22.b4 Ne6 
23.Nd5 Qf7 24.f5 Bxd5 25.exd5 Nd8 26.g6 Qe7 27.Bf4 Ne5 28.c5 bxc5 29.bxc5 
Nb7 30.c6 Na5 31.h5 h6 0-1

[Event "zonal 3.3 (w)"]
[Site "Tagaytay City PHI"]
[Date "2011.05.25"]
[Round "3"]
[White "Citra, Dewi Andhiani Anastasia"]
[Black "Mendoza, Beverly"]
[Result "1/2-1/2"]
[WhiteElo "1994"]
[BlackElo "2040"]
[EventDate "2011.05.24"]
[PlyCount "48"]

1.e4 e5 2.Nf3 Nc6 3.Bb5 Nf6 4.O-O Nxe4 5.Re1 Nd6 6.Nxe5 Be7 7.Nxc6 dxc6 8.
Bd3 O-O 9.Nc3 Bf6 10.Ne4 Nxe4 11.Bxe4 Be6 12.d3 Qd7 13.a4 Bd5 14.Rb1 Rfe8 
15.Bf4 Rad8 16.Qf3 Ba2 17.Ra1 Bd5 18.Rab1 Ba2 19.Ra1 Bd5 20.Rab1 Ba2 21.
Ra1 Bd5 22.Rab1 Ba2 23.Ra1 Bd5 24.Rab1 Ba2 1/2-1/2

[Event "zonal 3.3 (w)"]
[Site "Tagaytay City PHI"]
[Date "2011.05.25"]
[Round "3"]
[White "Li Ruofan"]
[Black "Chan Wei Yi, Victoria"]
[Result "1-0"]
[WhiteElo "2423"]
[BlackElo "1955"]
[EventDate "2011.05.24"]
[PlyCount "75"]

1.d4 Nf6 2.c4 g6 3.Nc3 d5 4.Nf3 Bg7 5.Qb3 dxc4 6.Qxc4 O-O 7.e4 a6 8.Qa4 
Bg4 9.Be2 Nc6 10.Be3 b5 11.Qd1 Re8 12.d5 Bxf3 13.gxf3 Ne5 14.f4 Nc4 15.e5 
Nxe3 16.fxe3 Nd7 17.h4 Nb6 18.Bf3 Nc4 19.Qe2 Qb8 20.h5 Qb6 21.Kf2 f5 22.
hxg6 h6 23.Rh5 Rf8 24.b3 Nd6 25.exd6 Bxc3 26.Rc1 Bg7 27.dxe7 Rfe8 28.d6 
Qxd6 29.Bxa8 Rxa8 30.Qf3 Re8 31.Rd1 Qxe7 32.Rxf5 Bf6 33.Rh5 Bg7 34.Rd3 Qf6
35.Qd5+ Kh8 36.Qf7 Qb2+ 37.Kf3 Rf8 38.Rxh6+ 1-0

[Event "zonal 3.3 (w)"]
[Site "Tagaytay City PHI"]
[Date "2011.05.25"]
[Round "3"]
[White "Nguyen Thi Thanh An"]
[Black "Suede, Mikee Charlene"]
[Result "1-0"]
[WhiteElo "2338"]
[BlackElo "1902"]
[EventDate "2011.05.24"]
[PlyCount "83"]

1.d4 d6 2.Nf3 Nd7 3.c4 e5 4.Nc3 f5 5.g3 e4 6.Ng5 Nb6 7.h4 Nf6 8.Bg2 g6 9.
Qb3 d5 10.c5 Nc4 11.Qa4+ c6 12.Qc2 Bg7 13.b3 Na5 14.Bf4 b6 15.Na4 h6 16.
Nh3 Nd7 17.Rd1 Ba6 18.Bd6 Bb5 19.Nc3 Nb7 20.Nxb5 cxb5 21.b4 Nxd6 22.cxd6 
Rc8 23.Qb3 Nf6 24.Nf4 Qxd6 25.Nxg6 Rg8 26.Nf4 Rc4 27.a3 Kf7 28.Bh3 Qd7 29.
Ng2 Ng4 30.Bxg4 fxg4 31.O-O Rc6 32.Nf4 Rc4 33.Ng2 Rc6 34.f3 gxf3 35.exf3 
exf3 36.Qxf3+ Bf6 37.Nf4 Rd6 38.Nxd5 Qh3 39.Rd3 Qxh4 40.Nxf6 Rxf6 41.Qd5+ 
Ke7 42.Re3+ 1-0

[Event "zonal 3.3 (w)"]
[Site "Tagaytay City PHI"]
[Date "2011.05.25"]
[Round "3"]
[White "Pham Thi Thu Hien"]
[Black "Aulia, Medina Warda"]
[Result "1/2-1/2"]
[WhiteElo "2117"]
[BlackElo "2035"]
[EventDate "2011.05.24"]
[PlyCount "96"]

1.e4 e6 2.d4 d5 3.exd5 exd5 4.Bd3 Bd6 5.Nf3 Ne7 6.h3 c6 7.O-O O-O 8.b3 Bf5
9.Re1 Bxd3 10.Qxd3 h6 11.Bb2 Ng6 12.Ne5 Bxe5 13.dxe5 Qg5 14.Bc1 Qh4 15.Qf5
Na6 16.g3 Qd8 17.Nd2 Nc7 18.Nf3 Re8 19.Bb2 Qc8 20.Qh5 Ne6 21.Rad1 a5 22.a4
b5 23.axb5 cxb5 24.c3 b4 25.Re3 bxc3 26.Rxc3 Qb7 27.Qf5 a4 28.Qd3 d4 29.
Nxd4 Nxd4 30.Qxd4 Rad8 31.Qxd8 Rxd8 32.Rxd8+ Kh7 33.Re3 Qc7 34.Rd2 axb3 
35.Rxb3 Nxe5 36.Re2 Qd7 37.Rbe3 Qd1+ 38.Kh2 Nf3+ 39.Kg2 Nd2 40.Re1 Qc2 41.
Ba1 Qc6+ 42.f3 Qc2 43.R3e2 Qd3 44.Rf2 Nc4 45.Kh2 Ne3 46.Be5 Nd1 47.Rff1 
Ne3 48.Rf2 Nd1 1/2-1/2

[Event "zonal 3.3 (w)"]
[Site "Tagaytay City PHI"]
[Date "2011.05.25"]
[Round "3"]
[White "Bayarmaa, Bayarjargal"]
[Black "Lindiawati, Evi"]
[Result "1/2-1/2"]
[WhiteElo "2012"]
[BlackElo "2106"]
[EventDate "2011.05.24"]
[PlyCount "38"]

1.d4 Nf6 2.c4 e6 3.Nf3 b6 4.Nc3 Bb4 5.Bg5 Bb7 6.e3 O-O 7.Bd3 d6 8.O-O Bxc3
9.bxc3 h6 10.Bh4 Nbd7 11.Qe2 g5 12.Bg3 Nh5 13.Nd2 Nxg3 14.fxg3 Qe7 15.e4 
Rae8 16.Rf2 e5 17.d5 Kg7 18.Nf1 Nc5 19.Ne3 Bc8 1/2-1/2

[Event "zonal 3.3 (w)"]
[Site "Tagaytay City PHI"]
[Date "2011.05.25"]
[Round "3"]
[White "Frayna, Janelle Mae"]
[Black "Fronda, Jan Jodilyn"]
[Result "1/2-1/2"]
[WhiteElo "1830"]
[BlackElo "2011"]
[EventDate "2011.05.24"]
[PlyCount "44"]

1.c4 Nf6 2.g3 d5 3.cxd5 Nxd5 4.Bg2 c5 5.Nc3 Nc7 6.Nf3 Nc6 7.O-O e5 8.b3 
Be7 9.Bb2 O-O 10.Rc1 f6 11.Qc2 Bg4 12.Na4 Nb4 13.Qe4 Qd7 14.Nxc5 Bxc5 15.
Rxc5 Nca6 16.Rc4 Bf5 17.Qh4 Nc6 18.d4 e4 19.Nd2 b5 20.Rcc1 Nxd4 21.Bxd4 
Qxd4 22.Qf4 Bg6 1/2-1/2

[Event "zonal 3.3 (w)"]
[Site "Tagaytay City PHI"]
[Date "2011.05.25"]
[Round "3"]
[White "Febriana, Nita Nurmala"]
[Black "Neo Xiuwen, Christabel"]
[Result "0-1"]
[WhiteElo "1955"]
[BlackElo "1869"]
[EventDate "2011.05.24"]
[PlyCount "88"]

1.e4 e5 2.Nf3 Nc6 3.Bc4 Bc5 4.c3 Nf6 5.d3 d6 6.O-O a6 7.Bb3 O-O 8.Nbd2 h6 
9.h3 Be6 10.Re1 Re8 11.Nf1 d5 12.Qe2 Qd7 13.Nh4 Rad8 14.Bc2 b5 15.Qf3 Be7 
16.Nf5 Bxf5 17.exf5 b4 18.Ne3 Bf8 19.Ng4 Nxg4 20.Qxg4 Qd6 21.Bd2 bxc3 22.
bxc3 Qf6 23.Rab1 Rb8 24.Qa4 Ne7 25.Qd7 c6 26.Qc7 Rxb1 27.Rxb1 Qxf5 28.Qb7 
c5 29.Qxa6 Ng6 30.Qc6 Rd8 31.a4 c4 32.Qb5 cxd3 33.Bxd3 e4 34.Bf1 Bd6 35.
Qe2 e3 36.Rb5 exd2 37.Qxd2 Qe5 38.g3 Bc7 39.Bg2 Ne7 40.Qc1 Ra8 41.Qd1 Qxc3
42.Bxd5 Rd8 43.Qb3 Qe1+ 44.Kg2 Nxd5 0-1

[Event "zonal 3.3 (w)"]
[Site "Tagaytay City PHI"]
[Date "2011.05.25"]
[Round "3"]
[White "Verdiana, Norasya"]
[Black "Jargalmaa, Sarantuya"]
[Result "1/2-1/2"]
[WhiteElo "1915"]
[BlackElo "1801"]
[EventDate "2011.05.24"]
[PlyCount "98"]

1.e4 c5 2.Nf3 d6 3.d4 cxd4 4.Nxd4 Nf6 5.Nc3 a6 6.Bg5 e6 7.f4 Qc7 8.Qf3 b5 
9.Bxf6 gxf6 10.O-O-O b4 11.e5 bxc3 12.Qxa8 dxe5 13.Nb5 cxb2+ 14.Kb1 Qb6 
15.Na7 Bd7 16.Bxa6 Bc5 17.Rxd7 Kxd7 18.Rd1+ Bd4 19.Be2 Ke7 20.Nb5 Rd8 21.
Nxd4 exd4 22.Qa3+ Ke8 23.Qxb2 Qxb2+ 24.Kxb2 e5 25.Bd3 h6 26.Re1 Rd5 27.a4 
Nd7 28.Kb3 Rc5 29.Bb5 Rc3+ 30.Kb2 Rc5 31.Re2 Ke7 32.Kb3 Nb6 33.Kb4 Kd6 34.
fxe5+ fxe5 35.Rf2 Nd5+ 36.Kb3 Rc3+ 37.Kb2 Ke6 38.Rf3 e4 39.Rxc3 Nxc3 40.
Bc4+ Kd6 41.Kb3 e3 42.g3 Kc5 43.a5 e2 44.Bxe2 Nxe2 45.a6 Kb6 46.a7 Kxa7 
47.Kc4 Kb6 48.Kd3 Ng1 49.Kxd4 Nf3+ 1/2-1/2

[Event "zonal 3.3 (w)"]
[Site "Tagaytay City PHI"]
[Date "2011.05.26"]
[Round "4"]
[White "Kharisma Sukandar, Irine"]
[Black "Le Thanh Tu"]
[Result "1/2-1/2"]
[WhiteElo "2362"]
[BlackElo "2328"]
[EventDate "2011.05.24"]
[PlyCount "90"]

1.e4 Nf6 2.e5 Nd5 3.c4 Nb6 4.d4 d6 5.exd6 exd6 6.Nc3 Be7 7.h3 O-O 8.Nf3 
Bf5 9.Be2 Nc6 10.O-O Bf6 11.Bf4 Re8 12.Rc1 Be4 13.Nxe4 Rxe4 14.Be3 Re8 15.
Bd3 Nb4 16.Bb1 d5 17.a3 Nc6 18.b3 Qe7 19.c5 Nd7 20.b4 Nf8 21.b5 Nd8 22.Qb3
Qd7 23.Rfd1 a6 24.a4 axb5 25.axb5 c6 26.b6 Ng6 27.Bd3 Ne6 28.Qc2 Ra3 29.
Ra1 Rea8 30.Qb2 R3a4 31.Rxa4 Rxa4 32.Ra1 Rxa1+ 33.Qxa1 Qc8 34.Qa7 Ngf8 35.
h4 g6 36.Kf1 Kg7 37.Ke1 Nd8 38.Kd2 Qg4 39.Bf1 Nfe6 40.Qb8 Nxc5 41.dxc5 
Qb4+ 42.Ke2 Qb5+ 43.Ke1 Qb1+ 44.Ke2 Qb5+ 45.Ke1 Qb1+ 1/2-1/2

[Event "zonal 3.3 (w)"]
[Site "Tagaytay City PHI"]
[Date "2011.05.26"]
[Round "4"]
[White "Enkhtuul, Altanulzii"]
[Black "Uuganbayar, Lkhamsuren"]
[Result "1/2-1/2"]
[WhiteElo "2154"]
[BlackElo "2159"]
[EventDate "2011.05.24"]
[PlyCount "82"]

1.d4 d5 2.c4 e6 3.Nf3 Nf6 4.g3 Bb4+ 5.Bd2 Be7 6.Bg2 O-O 7.O-O c6 8.Qc2 b6 
9.b3 Nbd7 10.cxd5 cxd5 11.Ne5 Nxe5 12.dxe5 Nd7 13.Bc3 Bb7 14.Rd1 Qc7 15.
Qb2 Rac8 16.h3 Rfd8 17.Kh2 Nc5 18.Bd4 Nd7 19.Nc3 Qb8 20.f4 Nc5 21.Rac1 Ne4
22.Nxe4 dxe4 23.e3 Bd5 24.Rd2 Rxc1 25.Qxc1 Rc8 26.Rc2 Rxc2 27.Qxc2 Qb7 28.
g4 Qc6 29.Qxc6 Bxc6 30.f5 Bh4 31.Kg1 Kf8 32.Bc3 Ke8 33.fxe6 fxe6 34.a4 g6 
35.Bf1 Kd7 36.Bc4 Bd5 37.Bb5+ Bc6 38.Ba6 Bd5 39.Bb5+ Bc6 40.Ba6 Bd5 41.
Bb5+ Bc6 1/2-1/2

[Event "zonal 3.3 (w)"]
[Site "Tagaytay City PHI"]
[Date "2011.05.26"]
[Round "4"]
[White "Camacho, Chardine Cheradee"]
[Black "Li Ruofan"]
[Result "1/2-1/2"]
[WhiteElo "2203"]
[BlackElo "2423"]
[EventDate "2011.05.24"]
[PlyCount "75"]

1.e4 e5 2.Nf3 Nc6 3.d4 exd4 4.Bc4 Nf6 5.e5 Ng4 6.Bf4 d6 7.exd6 Bxd6 8.Qe2+
Ne7 9.Bxd6 Qxd6 10.Nbd2 O-O 11.O-O-O Nf6 12.Nxd4 Qxd4 13.Qxe7 Bf5 14.Qb4 
c5 15.Qb3 a6 16.Nf3 Qf4+ 17.Kb1 b5 18.Bd5 c4 19.Qc3 Rab8 20.Qe5 Qxe5 21.
Nxe5 Nxd5 22.Rxd5 Be4 23.Rd6 Bxg2 24.Rg1 Rfd8 25.Nd7 Bh3 26.Rgd1 Rxd7 27.
Rxd7 Bxd7 28.Rxd7 g5 29.Rd6 Re8 30.Kc1 Re2 31.Rf6 Kg7 32.Rf3 Kg6 33.Kd1 
Re6 34.Kd2 b4 35.c3 a5 36.Re3 Rf6 37.Ke2 Rb6 38.Kd2 1/2-1/2

[Event "zonal 3.3 (w)"]
[Site "Tagaytay City PHI"]
[Date "2011.05.26"]
[Round "4"]
[White "Citra, Dewi Andhiani Anastasia"]
[Black "Nguyen Thi Thanh An"]
[Result "1/2-1/2"]
[WhiteElo "1994"]
[BlackElo "2338"]
[EventDate "2011.05.24"]
[PlyCount "68"]

1.e4 c5 2.Nf3 d6 3.d4 cxd4 4.Nxd4 Nf6 5.Nc3 a6 6.Be3 e5 7.Nb3 Be7 8.f3 Be6
9.Qd2 O-O 10.O-O-O a5 11.Bb5 Na6 12.g4 Nc7 13.g5 Nd7 14.a4 Nxb5 15.Nxb5 
Ra6 16.Kb1 Qc8 17.Nc3 Qc4 18.f4 exf4 19.Bxf4 Rc8 20.Qf2 Nb6 21.Rd4 Qc6 22.
Rhd1 Nc4 23.Nb5 Bg4 24.Rf1 Bh5 25.Rd5 Nb6 26.Nxd6 Nxd5 27.exd5 Qxc2+ 28.
Qxc2 Rxc2 29.Nf5 Re2 30.Nxe7+ Rxe7 31.d6 Bg6+ 32.Ka2 Rd7 33.Nc5 Raxd6 34.
Nxd7 Rxd7 1/2-1/2

[Event "zonal 3.3 (w)"]
[Site "Tagaytay City PHI"]
[Date "2011.05.26"]
[Round "4"]
[White "Batchimeg, Tuvshintogs"]
[Black "Le Kieu Thien Kim"]
[Result "1-0"]
[WhiteElo "2313"]
[BlackElo "2221"]
[EventDate "2011.05.24"]
[PlyCount "119"]

1.d4 Nf6 2.c4 e6 3.Nf3 d5 4.Nc3 Be7 5.Bg5 h6 6.Bh4 O-O 7.e3 b6 8.cxd5 Nxd5
9.Bxe7 Nxe7 10.Bd3 Bb7 11.O-O Nd7 12.Be4 Bxe4 13.Nxe4 Nd5 14.Rc1 Qe7 15.
Qa4 f5 16.Nc3 Nxc3 17.Rxc3 c5 18.b4 b5 19.Qxb5 Rfb8 20.Qa5 cxb4 21.Rc7 Qd8
22.Rfc1 Kh7 23.Qa6 Rb6 24.Qa4 Nf6 25.Rxa7 Rc8 26.Re1 Rc3 27.Qd1 Qb8 28.Ra5
Nd5 29.Ne5 Qc7 30.Qh5 Ne7 31.h3 g6 32.Qh4 Kg7 33.Ra8 Nc8 34.Qg3 g5 35.f4 
Qe7 36.fxg5 Qxg5 37.Qf3 b3 38.axb3 Rbxb3 39.Ra6 Rxe3 40.Rxe3 Qxe3+ 41.Qxe3
Rxe3 42.Rxe6 Rb3 43.Rg6+ Kh7 44.Rc6 Nb6 45.Rf6 Rb4 46.Nf3 Rb1+ 47.Kh2 Rb5 
48.Nh4 Kg7 49.Rxf5 Rb2 50.Rc5 Rb4 51.Rc6 h5 52.Rc5 Kh6 53.Kg3 Nc4 54.Kf4 
Nd2 55.Nf5+ Kg6 56.Rc6+ Kf7 57.Kg5 Rb5 58.Rc7+ Ke8 59.Kg6 Kd8 60.Rc5 1-0

[Event "zonal 3.3 (w)"]
[Site "Tagaytay City PHI"]
[Date "2011.05.26"]
[Round "4"]
[White "Bernales, Christy Lamiel"]
[Black "Nguyen Thi Mai Hung"]
[Result "0-1"]
[WhiteElo "2015"]
[BlackElo "2309"]
[EventDate "2011.05.24"]
[PlyCount "76"]

1.e4 c5 2.Nc3 Nc6 3.f4 g6 4.Nf3 Bg7 5.Bb5 Nd4 6.O-O a6 7.Bc4 b5 8.Bd5 Rb8 
9.d3 e6 10.Bb3 Ne7 11.Nxd4 Bxd4+ 12.Kh1 d5 13.a3 O-O 14.Qe1 c4 15.Ba2 Bg7 
16.Bd2 Nc6 17.e5 a5 18.Rc1 Ba6 19.Rf3 Nd4 20.Rh3 b4 21.Nd1 cxd3 22.cxd3 
bxa3 23.Bxa5 axb2 24.Nxb2 Qe7 25.Bc3 Nb3 26.Rb1 Qa3 27.Bxb3 Qxb3 28.Ra1 
Rfc8 29.Nd1 Ra8 30.f5 exf5 31.e6 d4 32.Qh4 fxe6 33.Qxh7+ Kf8 34.Be1 Bb5 
35.Rxa8 Rxa8 36.Qxg6 Be8 37.Qg3 Qxd1 38.Rh7 Bg6 0-1

[Event "zonal 3.3 (w)"]
[Site "Tagaytay City PHI"]
[Date "2011.05.26"]
[Round "4"]
[White "Aulia, Medina Warda"]
[Black "Hoang Thi Nhu Y"]
[Result "1/2-1/2"]
[WhiteElo "2035"]
[BlackElo "2220"]
[EventDate "2011.05.24"]
[PlyCount "64"]

1.e4 c6 2.d4 d5 3.Nd2 dxe4 4.Nxe4 Bf5 5.Ng3 Bg6 6.Nf3 Nd7 7.h4 h6 8.Bd3 
Bxd3 9.Qxd3 Qc7 10.Bd2 Ngf6 11.O-O-O e6 12.Ne4 O-O-O 13.c4 Nxe4 14.Qxe4 
Nf6 15.Qe2 c5 16.Bc3 Qf4+ 17.Kb1 Ne4 18.Qc2 Rg8 19.Rhe1 Nxc3+ 20.Qxc3 cxd4
21.Rxd4 Rxd4 22.Qxd4 Qxd4 23.Nxd4 Bc5 24.Nb3 Bb4 25.Re4 Be7 26.Kc2 Rd8 27.
h5 Bf6 28.Nc5 Rd4 29.f3 b6 30.Rxd4 Bxd4 31.Nd3 Kd7 32.b4 a6 1/2-1/2

[Event "zonal 3.3 (w)"]
[Site "Tagaytay City PHI"]
[Date "2011.05.26"]
[Round "4"]
[White "Lindiawati, Evi"]
[Black "Docena, Jedara"]
[Result "0-1"]
[WhiteElo "2106"]
[BlackElo "2035"]
[EventDate "2011.05.24"]
[PlyCount "94"]

1.e4 c5 2.Nf3 Nc6 3.d4 cxd4 4.Nxd4 Nf6 5.Nc3 d6 6.Bc4 e5 7.Nf3 Be6 8.Bd5 
Bxd5 9.exd5 Ne7 10.Bg5 Ng6 11.Qd3 Be7 12.g3 O-O 13.Qf5 Qc8 14.Qxc8 Raxc8 
15.Be3 a6 16.a4 Bd8 17.O-O-O h6 18.h3 Ne7 19.Nd2 Ba5 20.Nde4 Nxe4 21.Nxe4 
Rfd8 22.Bd2 Bxd2+ 23.Rxd2 Rc4 24.Nc3 Nf5 25.Re1 Nd4 26.Re3 Rdc8 27.Kb1 f5 
28.f4 e4 29.g4 Nf3 30.Rg2 Nh4 31.Rge2 g6 32.Rd2 Kf7 33.Rde2 Nf3 34.Rg2 
R4c5 35.Rge2 b5 36.axb5 axb5 37.Rf2 Nd4 38.gxf5 gxf5 39.Rg3 Rg8 40.Rxg8 
Kxg8 41.Rd2 Nf3 42.Rd1 Kf7 43.Ne2 Rc8 44.Nc3 Rxc3 45.bxc3 e3 46.Rd3 e2 47.
Rxf3 e1=Q+ 0-1

[Event "zonal 3.3 (w)"]
[Site "Tagaytay City PHI"]
[Date "2011.05.26"]
[Round "4"]
[White "Mendoza, Beverly"]
[Black "Bayarmaa, Bayarjargal"]
[Result "1-0"]
[WhiteElo "2040"]
[BlackElo "2012"]
[EventDate "2011.05.24"]
[PlyCount "73"]

1.d4 Nf6 2.c4 g6 3.Nc3 Bg7 4.e4 d6 5.f3 O-O 6.Be3 Nc6 7.Qd2 a6 8.Nge2 Rb8 
9.Nc1 e5 10.d5 Nd4 11.N1e2 Nxe2 12.Bxe2 Bd7 13.a4 Ne8 14.O-O f5 15.b4 f4 
16.Bf2 g5 17.c5 Rf6 18.c6 bxc6 19.dxc6 Bxc6 20.Bxa6 Rg6 21.Bc4+ Kf8 22.b5 
Bd7 23.a5 g4 24.fxg4 Bxg4 25.Ba7 Ra8 26.b6 Bh3 27.Rf2 c6 28.Rb1 Rxa7 29.
bxa7 Qa8 30.Kh1 Bd7 31.a6 Ke7 32.Rb7 Nf6 33.Be2 Bh6 34.Qb2 Rg8 35.Qb6 c5 
36.Bb5 Rd8 37.Rb8 1-0

[Event "zonal 3.3 (w)"]
[Site "Tagaytay City PHI"]
[Date "2011.05.26"]
[Round "4"]
[White "Neo Xiuwen, Christabel"]
[Black "Jose, Rulp Ylem"]
[Result "1-0"]
[WhiteElo "1869"]
[BlackElo "2071"]
[EventDate "2011.05.24"]
[PlyCount "141"]

1.e4 d5 2.exd5 Qxd5 3.Nc3 Qa5 4.Nf3 Nf6 5.d4 Bf5 6.Bc4 e6 7.Bd2 c6 8.Nd5 
Qd8 9.Nxf6+ Qxf6 10.c3 Nd7 11.h3 Be4 12.Qe2 Bxf3 13.gxf3 O-O-O 14.O-O-O 
Bd6 15.Qe4 Nb6 16.Bb3 a5 17.Rhg1 h6 18.a3 Bc7 19.Rg4 Rhg8 20.Rdg1 e5 21.
dxe5 Bxe5 22.Bf4 Rge8 23.Bxe5 Rxe5 24.Qf4 Rf5 25.Qe3 Nd5 26.Bxd5 Rfxd5 27.
Rxg7 Rd3 28.Qe4 Rxf3 29.Rg8 Rxf2 30.Rxd8+ Kxd8 31.Rd1+ Kc7 32.Qe8 Kb6 33.
Qe3+ Ka6 34.Qe8 Qf5 35.Qa8+ Kb6 36.Qd8+ Ka7 37.Qd4+ c5 38.Qa4 Qf4+ 39.Qxf4
Rxf4 40.Rd5 b6 41.Rh5 Rf6 42.Kc2 Kb7 43.Kd3 Kc6 44.Ke4 Re6+ 45.Kf3 Kd6 46.
Rf5 Ke7 47.h4 Rf6 48.Ke4 Rxf5 49.Kxf5 a4 50.c4 h5 51.Kg5 Ke6 52.Kxh5 Kf5 
53.Kh6 Kg4 54.h5 Kh4 55.Kg7 Kxh5 56.Kxf7 Kg5 57.Ke6 Kf4 58.Kd6 Ke3 59.Kc6 
Kd3 60.Kxb6 Kxc4 61.Kc6 Kd4 62.Kb5 Kd5 63.Ka5 Kd4 64.Kb5 Kd5 65.Ka5 Kd4 
66.Kxa4 Kc4 67.b4 Kd4 68.Kb3 Kd5 69.b5 Kd4 70.b6 Kd3 71.b7 1-0

[Event "zonal 3.3 (w)"]
[Site "Tagaytay City PHI"]
[Date "2011.05.26"]
[Round "4"]
[White "Suede, Mikee Charlene"]
[Black "Sihite, Chelsie Monica"]
[Result "1-0"]
[WhiteElo "1902"]
[BlackElo "2039"]
[EventDate "2011.05.24"]
[PlyCount "61"]

1.e4 e5 2.Nc3 Nf6 3.Bc4 Bc5 4.d3 c6 5.Nf3 d6 6.h3 O-O 7.O-O a5 8.a4 Be6 9.
Bxe6 fxe6 10.Ne2 Bb6 11.c3 Nbd7 12.Ng3 Qe8 13.Qb3 Ba7 14.d4 d5 15.Re1 exd4
16.cxd4 Rf7 17.e5 Ne4 18.Nxe4 dxe4 19.Rxe4 Nf8 20.Rg4 Rd7 21.Be3 Kh8 22.
Ng5 Qe7 23.Rf4 Bb8 24.Bd2 h6 25.Nf3 Rd5 26.Nh4 Kg8 27.Rg4 Bxe5 28.dxe5 
Rxd2 29.Nf5 Qc5 30.Rxg7+ Kh8 31.Qg3 1-0

[Event "zonal 3.3 (w)"]
[Site "Tagaytay City PHI"]
[Date "2011.05.26"]
[Round "4"]
[White "Chan Wei Yi, Victoria"]
[Black "Frayna, Janelle Mae"]
[Result "1-0"]
[WhiteElo "1955"]
[BlackElo "1830"]
[EventDate "2011.05.24"]
[PlyCount "169"]

1.d4 Nf6 2.c4 g6 3.Nc3 d5 4.h4 Bg7 5.h5 Nxh5 6.cxd5 c6 7.e4 cxd5 8.e5 Bf8 
9.Be2 Ng7 10.Bb5+ Bd7 11.Qb3 e6 12.Nf3 Be7 13.Bxd7+ Qxd7 14.Bg5 Nc6 15.a3 
Nxd4 16.Nxd4 Bxg5 17.Ncb5 Be7 18.Rc1 Rc8 19.Ke2 a6 20.Nc3 Rc4 21.Rcd1 b5 
22.Rd3 O-O 23.Qd1 Qc7 24.Nf3 Bxa3 25.Qd2 h5 26.bxa3 Nf5 27.Rc1 Rc8 28.Kd1 
Qa5 29.Qb2 Qb6 30.Na2 Qa7 31.Qd2 Qc5 32.Rdc3 d4 33.Rxc4 bxc4 34.Qb4 Qd5 
35.Qb1 Qa5 36.Qb4 Qd5 37.Qb1 c3 38.Nb4 Qa5 39.Qb3 Qb5 40.Qc2 Qa5 41.Qb3 
Qb5 42.Qc2 Qa5 43.Ra1 Qb5 44.Nd3 Qd5 45.Rb1 Qa5 46.Rb3 Qd5 47.Rb4 Rd8 48.
Qb3 Qe4 49.Qc4 a5 50.Rb5 h4 51.Nfe1 Qg4+ 52.Kc1 Qe2 53.Kb1 Qd1+ 54.Ka2 
Qd2+ 55.Ka1 Kg7 56.Qa2 Rc8 57.Qc2 g5 58.Rb1 g4 59.Rd1 Qh6 60.Qc1 c2 61.
Qxh6+ Kxh6 62.Rc1 h3 63.gxh3 gxh3 64.Nxc2 Rc3 65.Nf4 Rf3 66.Nxh3 Rxh3 67.
Rd1 Kg5 68.Kb2 Rh2 69.Rd2 Kf4 70.Kb3 Kxe5 71.f4+ Kxf4 72.Rxh2 e5 73.Kc4 
Ke4 74.Ne1 Ne3+ 75.Kb5 f5 76.Kxa5 f4 77.Kb4 Nd5+ 78.Kc4 Nb6+ 79.Kb3 f3 80.
Rf2 Ke3 81.Rxf3+ Ke2 82.Rf6 Kxe1 83.Rxb6 e4 84.Rd6 d3 85.Kc3 1-0

[Event "zonal 3.3 (w)"]
[Site "Tagaytay City PHI"]
[Date "2011.05.26"]
[Round "4"]
[White "Jargalmaa, Sarantuya"]
[Black "Febriana, Nita Nurmala"]
[Result "1-0"]
[WhiteElo "1801"]
[BlackElo "1955"]
[EventDate "2011.05.24"]
[PlyCount "81"]

1.e4 d6 2.d4 Nf6 3.Nc3 g6 4.Be2 Bg7 5.Be3 c6 6.Nf3 b5 7.a3 a6 8.O-O O-O 9.
Qd2 Nbd7 10.Rad1 Qc7 11.b4 Bb7 12.Bf4 e5 13.dxe5 dxe5 14.Bg3 c5 15.Nd5 
Bxd5 16.exd5 Ne4 17.Qd3 Nxg3 18.hxg3 cxb4 19.axb4 Rfc8 20.Rc1 Bh6 21.Ra1 
Bg7 22.Ra2 Nb6 23.d6 Qc6 24.Ng5 Ra7 25.Rd1 Qd7 26.Ne4 Qe6 27.Raa1 f5 28.
Nc5 e4 29.Qd2 Qf7 30.Rxa6 Rxa6 31.Nxa6 Bc3 32.Qg5 Bf6 33.Qd2 Bc3 34.Qg5 
Bf6 35.Qd2 Bc3 36.Qc1 Nd5 37.Bxb5 Nxb4 38.Nxb4 Bxb4 39.d7 Rd8 40.Qb2 Bc5 
41.Qb3 1-0

[Event "zonal 3.3 (w)"]
[Site "Tagaytay City PHI"]
[Date "2011.05.27"]
[Round "5"]
[White "Le Thanh Tu"]
[Black "Enkhtuul, Altanulzii"]
[Result "1/2-1/2"]
[WhiteElo "2328"]
[BlackElo "2154"]
[EventDate "2011.05.24"]
[PlyCount "39"]

1.Nf3 Nf6 2.c4 e6 3.g3 b6 4.Bg2 Bb7 5.O-O Be7 6.Nc3 O-O 7.d4 Ne4 8.Qd3 d5 
9.cxd5 exd5 10.Ne5 Nxc3 11.Qxc3 a5 12.Bf4 Bd6 13.Rac1 Re8 14.Bf3 Re7 15.
Rfd1 Na6 16.a3 Qe8 17.Nc6 Bxc6 18.Bxd6 cxd6 19.Qxc6 Qxc6 20.Rxc6 1/2-1/2

[Event "zonal 3.3 (w)"]
[Site "Tagaytay City PHI"]
[Date "2011.05.27"]
[Round "5"]
[White "Nguyen Thi Mai Hung"]
[Black "Batchimeg, Tuvshintogs"]
[Result "1/2-1/2"]
[WhiteElo "2309"]
[BlackElo "2313"]
[EventDate "2011.05.24"]
[PlyCount "30"]

1.d4 Nf6 2.Bf4 e6 3.e3 c5 4.c3 b6 5.Nd2 Bb7 6.Ngf3 cxd4 7.exd4 Be7 8.Bd3 
d6 9.O-O Nbd7 10.h3 O-O 11.Qe2 Re8 12.Rfe1 Nf8 13.Nh2 Qc7 14.Rad1 a6 15.a3
Qc6 1/2-1/2

[Event "zonal 3.3 (w)"]
[Site "Tagaytay City PHI"]
[Date "2011.05.27"]
[Round "5"]
[White "Uuganbayar, Lkhamsuren"]
[Black "Camacho, Chardine Cheradee"]
[Result "0-1"]
[WhiteElo "2159"]
[BlackElo "2203"]
[EventDate "2011.05.24"]
[PlyCount "88"]

1.e4 e6 2.d4 d5 3.Nd2 Nf6 4.e5 Nfd7 5.Bd3 c5 6.c3 Nc6 7.Ne2 cxd4 8.cxd4 f6
9.exf6 Nxf6 10.O-O Bd6 11.Nf3 Qc7 12.Nc3 a6 13.Bg5 O-O 14.h3 Bd7 15.Re1 h6
16.Be3 Be8 17.Nh4 g5 18.Ng6 Bxg6 19.Bxg6 Qg7 20.Bc2 Rae8 21.a3 Ne7 22.Qb1 
Nh5 23.Bd1 Qf7 24.Bxh5 Qxh5 25.Qd1 Qf7 26.Qg4 Nf5 27.Rf1 Kh7 28.Qe2 Rg8 
29.Qd3 Kh8 30.Ne2 Qg6 31.Rfd1 Qh5 32.Kf1 Ref8 33.Ng1 Nh4 34.g4 Qf7 35.Ke2 
Bh2 36.Rf1 Rg6 37.Kd1 Rf6 38.Ne2 Rf3 39.Rh1 Bf4 40.Kc2 Ng2 41.Nc3 Bxe3 42.
fxe3 Nxe3+ 43.Kb3 Nc4 44.Qd1 Rf2 0-1

[Event "zonal 3.3 (w)"]
[Site "Tagaytay City PHI"]
[Date "2011.05.27"]
[Round "5"]
[White "Pham Thi Thu Hien"]
[Black "Citra, Dewi Andhiani Anastasia"]
[Result "1/2-1/2"]
[WhiteElo "2117"]
[BlackElo "1994"]
[EventDate "2011.05.24"]
[PlyCount "46"]

1.c4 g6 2.g3 Bg7 3.Bg2 Nf6 4.Nc3 O-O 5.Nf3 d5 6.cxd5 Nxd5 7.O-O c5 8.Nxd5 
Qxd5 9.d3 Nc6 10.Nd2 Qd7 11.Ne4 b6 12.Rb1 Bb7 13.Bd2 Rad8 14.Bc3 e5 15.a3 
Nd4 16.Nd2 Ba6 17.Bxd4 Qxd4 18.Qc2 f5 19.Nf3 Qd7 20.b4 cxb4 21.axb4 Bb5 
22.Qa2+ Qf7 23.Qxf7+ Rxf7 1/2-1/2

[Event "zonal 3.3 (w)"]
[Site "Tagaytay City PHI"]
[Date "2011.05.27"]
[Round "5"]
[White "Docena, Jedara"]
[Black "Aulia, Medina Warda"]
[Result "1-0"]
[WhiteElo "2035"]
[BlackElo "2035"]
[EventDate "2011.05.24"]
[PlyCount "57"]

1.e4 e6 2.d4 d5 3.Nc3 Nf6 4.Bg5 dxe4 5.Nxe4 Be7 6.Bxf6 gxf6 7.Nf3 f5 8.
Ned2 a6 9.c3 c5 10.Nb3 cxd4 11.Nbxd4 b5 12.Qc2 Bb7 13.O-O-O Qc7 14.Bd3 Nc6
15.Nxc6 Bxc6 16.Rhe1 Bd5 17.Kb1 Rc8 18.Nd4 Qa5 19.Nb3 Qb6 20.Qe2 Qb7 21.f3
Rg8 22.Nd4 Qc7 23.g3 Bf6 24.Bxf5 Rg5 25.f4 Bc4 26.Bd3 Rd5 27.Bxc4 bxc4 28.
Nxe6 Rxd1+ 29.Rxd1 1-0